Stockholm Tvärbanan stops - Statistics

General Stats
  • This quiz has been taken 126 times
  • The average score is 17 of 28
Answer Stats
Line Station % Correct
30 Sickla
92%
30 Liljeholmen
89%
30 Gullmarsplan
85%
30, 31 Alvik
83%
30 Årstaberg
81%
30 Solna centrum
74%
30 Solna Station
74%
30 Luma
72%
30 Sickla Udde
72%
30 Globen
70%
30 Sickla Kaj
70%
30 Stora Essingen
70%
30 Trekanten
68%
30 Gröndal
62%
30 Årstadal
60%
30 Mårtensdal
60%
30, 31 Alvik strand
58%
31 Bromma Flygplats
57%
30 Linde
55%
30 Sundbyberg centrum
55%
31 Bromma Blocks
53%
30 Årstafältet
49%
30 Valla Torg
47%
30 Bällsta Bro
36%
30, 31 Norra Ulvsunda
30%
30 Karlsbodavägen
25%
30, 31 Johanneshov
9%
30 Solna Science Park
6%
No matching quizzes found
Score Distribution
Percent of People with Each Score
Percentile by Number Answered
Your Score History
You have not taken this quiz